| 000 | 00447nam a22001811a 4500 | ||
|---|---|---|---|
| 001 | 4073 | ||
| 003 | OSt | ||
| 005 | 20260204211914.0 | ||
| 008 | 050618s1977||||sp ||||||b||||||||||spa|| | ||
| 050 | _a330.124 L26e | ||
| 100 | _aLange, Oscar | ||
| 245 | _aEnsayos sobre planificación económica / Oskar, Lange | ||
| 250 | _a2 | ||
| 264 | _aEspaña: Editorial Ariel | ||
| 300 | _a174 p | ||
| 650 | _a1.Economía PlanificaciónÌ | ||
| 942 |
_2ddc _cBK |
||
| 999 |
_c4073 _d4073 |
||